International Business : Concept ,Enviroment and strategy (Record no. 3512)

MARC details
000 -LEADER
fixed length control field 00445nam a22001697a 4500
005 - DATE AND TIME OF LATEST TRANSACTION
control field 20230112103343.0
008 - FIXED-LENGTH DATA ELEMENTS--GENERAL INFORMATION
fixed length control field 160622b xxu||||| |||| 00| 0 eng d
020 ## - INTERNATIONAL STANDARD BOOK NUMBER
ISBN 978-81-775-8174-4
041 ## - LANGUAGE CODE
Language code of text/sound track or separate title eng
082 ## - DEWEY DECIMAL CLASSIFICATION NUMBER
Item number 8954
Classification number 338.88
100 ## - MAIN ENTRY--AUTHOR NAME
Personal name Sharan, Vyuptakesh
245 ## - TITLE STATEMENT
Title International Business : Concept ,Enviroment and strategy
260 ## - PUBLICATION, DISTRIBUTION, ETC. (IMPRINT)
Place of publication Delhi
Name of publisher Pearson Education
300 ## - PHYSICAL DESCRIPTION
Number of Pages 538
650 ## - SUBJECT ADDED ENTRY--TOPICAL TERM
Topical Term Management
942 ## - ADDED ENTRY ELEMENTS (KOHA)
Koha item type Books
Holdings
Lost status Damaged status Collection code Home library Current library Shelving location Date acquired Full call number Accession Number Koha item type
    MANAGEMENT JRU Library   SHELF-61-A 22/06/2016 338.88 8954 Books
    MANAGEMENT JRU Library   SHELF-61-A 22/06/2016 338.88 8955 Books
    MANAGEMENT JRU Library JRU Library SHELF-61-A 22/06/2016 338.88 8956 Books
    MANAGEMENT JRU Library JRU Library SHELF-32-F 22/06/2016 338.88 8957 Books
    MANAGEMENT JRU Library JRU Library SHELF-61-A 22/06/2016 338.88 8958 Books
    MANAGEMENT JRU Library   SHELF-61-A 22/06/2016 338.88 8959 Books
    MANAGEMENT JRU Library JRU Library SHELF-61-A 22/06/2016 338.88 8960 Books
    MANAGEMENT JRU Library   SHELF-61-A 22/06/2016 338.88 8961 Books
    MANAGEMENT JRU Library   SHELF-61-A 22/06/2016 338.88 8962 Books
    MANAGEMENT JRU Library   SHELF-61-A 22/06/2016 338.88 8963 Books